The ABC murders : (Record no. 401669)
[ view plain ]
| 000 -LEADER | |
|---|---|
| fixed length control field | 01505cam a2200385 i 4500 |
| 001 - CONTROL NUMBER | |
| control field | 959724055 |
| 003 - CONTROL NUMBER IDENTIFIER | |
| control field | OCoLC |
| 005 - DATE AND TIME OF LATEST TRANSACTION | |
| control field | 20241104161136.0 |
| 008 - FIXED-LENGTH DATA ELEMENTS--GENERAL INFORMATION | |
| fixed length control field | 161003r20111936nyu 000 1 eng d |
| 020 ## - INTERNATIONAL STANDARD BOOK NUMBER | |
| International Standard Book Number | 9780062573223 |
| Qualifying information | (hardcover) |
| 020 ## - INTERNATIONAL STANDARD BOOK NUMBER | |
| International Standard Book Number | 0062573225 |
| Qualifying information | (hardcover) |
| 035 ## - SYSTEM CONTROL NUMBER | |
| System control number | (OCoLC)959724055 |
| 040 ## - CATALOGING SOURCE | |
| Original cataloging agency | IMF |
| Language of cataloging | eng |
| Description conventions | rda |
| Transcribing agency | IMF |
| Modifying agency | OCLCO |
| -- | OCLCF |
| -- | NPC |
| -- | OCLCQ |
| -- | OCLCO |
| -- | OCLCA |
| -- | IG$ |
| -- | Tn LvILS |
| 043 ## - GEOGRAPHIC AREA CODE | |
| Geographic area code | e-be--- |
| 050 14 - LIBRARY OF CONGRESS CALL NUMBER | |
| Classification number | PR6005.H66 |
| Item number | A62 2011b |
| 082 04 - DEWEY DECIMAL CLASSIFICATION NUMBER | |
| Classification number | 823/.912 |
| Edition number | 23 |
| 092 ## - LOCALLY ASSIGNED DEWEY CALL NUMBER (OCLC) | |
| Classification number | adult fiction |
| Item number | Christie |
| 100 1# - MAIN ENTRY--PERSONAL NAME | |
| Personal name | Christie, Agatha, |
| Dates associated with a name | 1890-1976, |
| Relator term | author. |
| 245 14 - TITLE STATEMENT | |
| Title | The ABC murders : |
| Remainder of title | a Hercule Poirot mystery / |
| Statement of responsibility, etc | Agatha Christie. |
| 264 #1 - Production, Publication, Distribution, Manufacture, and Copyright Notice. | |
| Place of production, publication, distribution, manufacture | New York : |
| Name of producer, publisher, distributor, manufacturer | Harper, |
| Date of production, publication, distribution, manufacture, or copyr | 2011. |
| 300 ## - PHYSICAL DESCRIPTION | |
| Extent | viii, 252 pages ; |
| Dimensions | 23 cm. |
| 336 ## - Content Type | |
| Content type term | text |
| 337 ## - Media type | |
| Media type term | unmediated |
| 338 ## - Carrier type | |
| Carrier type term | volume |
| 490 1# - SERIES STATEMENT | |
| Series statement | Hercule Poirot mystery. |
| 500 ## - GENERAL NOTE | |
| General note | Originally published: 1936. |
| 520 ## - SUMMARY, ETC. | |
| Summary, etc | In one of Christie's most twisted tales, Poirot must navigate the mind of a serial killer as he systematically kills his way through the alphabet. |
| 600 10 - SUBJECT ADDED ENTRY--PERSONAL NAME | |
| Personal name | Poirot, Hercule |
| Titles and other words associated with a name | (Fictitious character) |
| Form subdivision | Fiction. |
| 9 (RLIN) | 5711850 |
| 650 #0 - SUBJECT ADDED ENTRY--TOPICAL TERM | |
| Topical term or geographic name as entry element | Private investigators |
| Geographic subdivision | Belgium |
| Form subdivision | Fiction. |
| 9 (RLIN) | 5750928 |
| 650 #0 - SUBJECT ADDED ENTRY--TOPICAL TERM | |
| Topical term or geographic name as entry element | Serial murders |
| Form subdivision | Fiction. |
| 9 (RLIN) | 5678480 |
| 655 #7 - INDEX TERM--GENRE/FORM | |
| Genre/form data or focus term | Fiction. |
| Source of term | fast |
| 9 (RLIN) | 5673940 |
| 655 #7 - INDEX TERM--GENRE/FORM | |
| Genre/form data or focus term | Detective and mystery fiction. |
| Source of term | lcgft |
| 9 (RLIN) | 5683641 |
| 800 1# - SERIES ADDED ENTRY--PERSONAL NAME | |
| Personal name | Christie, Agatha, |
| Dates associated with a name | 1890-1976. |
| Title of a work | Hercule Poirot mysteries. |
| 9 (RLIN) | 5711852 |
| 942 ## - ADDED ENTRY ELEMENTS (KOHA) | |
| Source of classification or shelving scheme | Dewey Decimal Classification |
| Koha item type | BOOK |
| Withdrawn status | Lost status | Source of classification or shelving scheme | Damaged status | Not for loan | Collection code | Home library | Current library | Shelving location | Date acquired | Source of acquisition | Total Checkouts | Total Renewals | Full call number | Barcode | Date last seen | Date checked out | Cost, replacement price | Price effective from | Koha item type |
|---|---|---|---|---|---|---|---|---|---|---|---|---|---|---|---|---|---|---|---|
| Dewey Decimal Classification | Fiction | Wasatch County Library | Wasatch County Library | First Floor | 11/04/2024 | Amazon | 5 | 6 | F Christie | 34301002136135 | 12/04/2025 | 11/15/2025 | 29.99 | 11/04/2024 | BOOK |
